<?xml version="1.0" encoding="UTF-8"?>
<record
    xmlns:xsi="http://www.w3.org/2001/XMLSchema-instance"
    xsi:schemaLocation="http://www.loc.gov/MARC21/slim http://www.loc.gov/standards/marcxml/schema/MARC21slim.xsd"
    xmlns="http://www.loc.gov/MARC21/slim">

  <leader>02192nab a2200253uuc4500</leader>
  <controlfield tag="001">1263451</controlfield>
  <controlfield tag="005">20241031090042.0</controlfield>
  <controlfield tag="008">111108e20110601                    spa  </controlfield>
  <datafield tag="035" ind1=" " ind2=" ">
    <subfield code="a">1263451</subfield>
  </datafield>
  <datafield tag="035" ind1=" " ind2=" ">
    <subfield code="a">(OCoLC)820616437</subfield>
  </datafield>
  <datafield tag="040" ind1=" " ind2=" ">
    <subfield code="c">comduadb</subfield>
  </datafield>
  <datafield tag="041" ind1=" " ind2=" ">
    <subfield code="a">spa</subfield>
  </datafield>
  <datafield tag="100" ind1="1" ind2="0">
    <subfield code="a">Sierra, Carlos A.</subfield>
    <subfield code="4">aut</subfield>
    <subfield code="e">aut</subfield>
    <subfield code="9">635520</subfield>
  </datafield>
  <datafield tag="245" ind1="1" ind2="0">
    <subfield code="a">Inflaci&#xF3;n vectorial</subfield>
  </datafield>
  <datafield tag="520" ind1="3" ind2=" ">
    <subfield code="a">A escalas cosmol&#xF3;gicas el universo luce homog&#xE9;neo es is&#xF3;tropo, aun cuando existan estructuras y espacio vac&#xED;o. Uno de los mecanismos de evoluci&#xF3;n espaciotemporal del universo (no de creaci&#xF3;n) es el de inflaci&#xF3;n, propuesto por Alan Guth, mediante el cual el universo se expandio aceleradamente en fracciones de segundo y permiti&#xF3; que el contenido energ&#xE9;tico siguiera evolucionando hasta adquirir hoy en d&#xED;a la estructura que se puede observar. Los escenarios que muchos cient&#xED;ficos han propuesto incluyendo a Guth, se basan en un campo escalar primordial llamado inflat&#xF3;n mediante el cual se inicia la inflaci&#xF3;n primordial del universo y se heredan del campo caracter&#xED;sticas como homogeneidad e isotrop&#xED;a. En la naturaleza a&#xFA;n no se a podido observar campos escalares fundamental, y es &#xE9;sta la principal motivaci&#xF3;n para buscar otra alternativa que genere inflaci&#xF3;n siendo una de ellas los campos vectoriales. En este art&#xED;culo se realiza un estudio sobre la inflaci&#xF3;n del tipo slow-roll utilizando campos vectoriales primordiales, obteniendo as&#xED; los resultados asociados a la estad&#xED;stica de estructuras a gran escala concernientes a homogeneidad e isotrop&#xED;a, propiedades que han sido confirmadas observacionalmente y predichas por la ley de Hubble. Lo anterior conduce, a su vez, a resolver los problemas cl&#xE1;sicos de la cosmolog&#xED;a est&#xE1;ndar.</subfield>
  </datafield>
  <datafield tag="650" ind1=" " ind2="7">
    <subfield code="a">Cosmolog&#xED;a</subfield>
    <subfield code="2">lemb</subfield>
    <subfield code="9">31944</subfield>
  </datafield>
  <datafield tag="650" ind1=" " ind2=" ">
    <subfield code="a">Inflaci&#xF3;n c&#xF3;smica</subfield>
    <subfield code="9">191414</subfield>
  </datafield>
  <datafield tag="650" ind1=" " ind2="7">
    <subfield code="a">Universo en expansi&#xF3;n</subfield>
    <subfield code="2">lemb</subfield>
    <subfield code="9">30575</subfield>
  </datafield>
  <datafield tag="650" ind1=" " ind2=" ">
    <subfield code="a">Campos vectoriales</subfield>
    <subfield code="9">35489</subfield>
  </datafield>
  <datafield tag="650" ind1=" " ind2=" ">
    <subfield code="a">Gravedad</subfield>
    <subfield code="9">16887</subfield>
  </datafield>
  <datafield tag="700" ind1="1" ind2="0">
    <subfield code="a">Rodriguez, Yeinzon</subfield>
    <subfield code="4">aut</subfield>
    <subfield code="e">aut</subfield>
    <subfield code="9">567120</subfield>
  </datafield>
  <datafield tag="773" ind1="0" ind2=" ">
    <subfield code="t">Revista de la Academia Colombiana de Ciencias Exactas, F&#xED;sicas y Naturales (Bogot&#xE1;)</subfield>
    <subfield code="g">Volumen 35, N&#xFA;mero 135, Junio 2011, 167-173</subfield>
    <subfield code="w">100681</subfield>
    <subfield code="x">0370-3908</subfield>
    <subfield code="0">93888</subfield>
  </datafield>
  <datafield tag="942" ind1=" " ind2=" ">
    <subfield code="c">ARIMP</subfield>
  </datafield>
  <datafield tag="999" ind1=" " ind2=" ">
    <subfield code="c">594498</subfield>
    <subfield code="d">594498</subfield>
  </datafield>
</record>
